|
|
|
|
| LEADER |
00000cam a2200000 a 4500 |
| 001 |
vtls011581558 |
| 003 |
SK-MaSNL |
| 005 |
20260302052313.0 |
| 008 |
171219s2016 xo a b e 001 0 slo |
| 015 |
|
|
|a SNBA2016/11
|
| 020 |
|
|
|a 9788055149400 (viaz.)
|
| 035 |
|
|
|a DEA05F63-CCBE-4A84-879A-68E1C16DBBF4
|
| 035 |
|
|
|a urn:nbn:sk:snk-amycch
|
| 035 |
|
|
|a urn:nbn:sk:snk-am00cgaw
|
| 040 |
|
|
|a SNK
|b slo
|c SNK
|e AACR2
|
| 041 |
1 |
|
|a slo
|h eng
|
| 044 |
|
|
|a xo
|c SK
|
| 072 |
|
7 |
|a 00
|x Veda. Všeobecnosti. Základy vedy a kultúry. Vedecká práca
|2 konspekt
|
| 072 |
|
7 |
|a 0/9-053.2
|x Literatúra pre deti a mládež (náučná)
|2 konspekt
|
| 080 |
|
|
|a 0/9
|2 2011
|
| 080 |
|
|
|a (0.05)
|2 2011
|
| 080 |
|
|
|a (031)
|2 2011
|
| 130 |
0 |
|
|a Why? Encyclopedia
|l Slovensky
|9 708993
|
| 245 |
1 |
0 |
|a Prečo?
|b brilantné odpovede na zvedavé otázky
|c [z anglického originálu preložila Eva Budjačová]
|
| 250 |
|
|
|a 1. vyd.
|
| 260 |
|
|
|a Bratislava
|b Ikar, a. s. - Stonožka
|c 2016
|
| 300 |
|
|
|a 160 s.
|b fareb. ilustr.
|c 29 cm
|
| 504 |
|
|
|a Reg.
|
| 521 |
1 |
|
|a Pre čitateľov od 10 rokov
|
| 650 |
0 |
7 |
|a všeobecnosti a zaujímavosti
|2 SNKPH
|9 4162
|
| 650 |
0 |
7 |
|a Facts and features
|2 SNKPHeng
|9 323157
|
| 655 |
|
7 |
|a publikácie pre deti
|2 SNKPH
|9 70148
|
| 655 |
|
7 |
|a encyklopédie
|2 SNKPH
|9 28776
|
| 655 |
|
7 |
|a Children's literature
|2 SNKPHeng
|9 276039
|
| 655 |
|
7 |
|a Encyclopedias
|2 SNKPHeng
|9 90422
|
| 700 |
1 |
|
|a Budjačová, Eva
|4 trl
|9 60728
|
| 919 |
|
|
|a 978-80-551-4940-0
|
| 958 |
|
|
|a DB
|
| 958 |
|
|
|a OP
|
| 968 |
|
|
|b ENG
|
| 999 |
|
|
|c 1104639
|d 1106569
|
| 952 |
|
|
|a SNK
|b SNK
|y PREZ
|7 0
|p 17A1215991
|o snkSB 90679
|i snk2016/23143
|8 0
|0 0
|1 0
|4 0
|d 2016-10-04
|f 1
|l 0
|r 2025-05-13 00:00:00
|w 2026-02-24
|
| 952 |
|
|
|a SNK
|b SNK
|y VYP
|7 0
|p 17A1215992
|o snkSB 90679 D1
|i snk2016/23144
|8 0
|0 0
|1 0
|4 0
|d 2016-10-04
|l 0
|r 2026-02-24 17:42:05
|w 2026-02-24
|